[Event "RA-2011-0-00157"]
[Site "LSS email"]
[Date "2011.10.24"]
[Round "?"]
[White "Zielinski, Sergej"]
[Black "Skiba, Marcin"]
[Result "1/2-1/2"]
[WhiteElo "2148"]
[BlackElo "2185"]
[PlyCount "70"]
[EventDate "2011.09.22"]
[EventType "tourn (corr)"]
[EventRounds "6"]
[EventCountry "GER"]
[SourceTitle "Telechess CBM 157"]
[Source "ChessBase"]
[SourceDate "2013.11.12"]
[SourceVersion "1"]
[SourceVersionDate "2013.11.12"]
[SourceQuality "1"]

1. e4 c5 2. Nf3 d6 3. d4 cxd4 4. Nxd4 Nf6 5. Nc3 a6 6. Bg5 e6 7. f4 Qb6 8. Nb3 Be7 9. Qf3 Nbd7 10. 0-0-0 Qc7 11. a4 h6 12. Bh4 b6 13. Kb1 Bb7 14. Bd3 0-0 15. Qe2 Nc5 16. g3 b5 17. e5 Nd5 18. Bxe7 Qxe7 19. Nxd5 Bxd5 20. Nxc5 dxc5 21. Be4 bxa4 22. Bxd5 exd5 23. Rxd5 Qb7 24. c4 a3 25. Rhd1 Rab8 26. R1d2 Qc6 27. Qd1 axb2 28. Rxb2 Rxb2+ 29. Kxb2 Rb8+ 30. Kc3 Qb6 31. Kd3 Qb4 32. Rd7 a5 33. f5 Qb2 34. Ke4 Re8 35. Qd5 Qc2+ 1/2-1/2

[Event "RB-2011-0-00133"]
[Site "LSS email"]
[Date "2011.09.20"]
[Round "?"]
[White "Sherwood, Russell"]
[Black "Skiba, Marcin"]
[Result "0-1"]
[WhiteElo "2081"]
[BlackElo "2185"]
[PlyCount "88"]
[EventDate "2011.08.23"]
[EventType "tourn (corr)"]
[EventRounds "6"]
[EventCountry "GER"]
[SourceTitle "Telechess CBM 157"]
[Source "ChessBase"]
[SourceDate "2013.11.12"]
[SourceVersion "1"]
[SourceVersionDate "2013.11.12"]
[SourceQuality "1"]

1. e4 c5 2. Nf3 d6 3. d4 cxd4 4. Nxd4 Nf6 5. Nc3 a6 6. Be3 e5 7. Nf3 Be7 8. Bc4 0-0 9. 0-0 Be6 10. Bb3 Nc6 11. Qe2 Qc7 12. Bg5 Rac8 13. Rfd1 Na5 14. Rac1 Nxb3 15. cxb3 Qb6 16. Qd3 Rc6 17. Bxf6 Bxf6 18. Nd5 Bxd5 19. Qxd5 Rfc8 20. Rxc6 Qxc6 21. g3 Be7 22. Qd3 Qc2 23. Qxc2 Rxc2 24. Rd2 Rc6 25. Ne1 g6 26. Kg2 f5 27. f3 Bd8 28. Nc2 Ba5 29. b4 Bb6 30. exf5 gxf5 31. b5 Rc8 32. bxa6 bxa6 33. Kf1 d5 34. Nb4 Ba5 35. Rc2 Rxc2 36. Nxc2 Kf7 37. Ke2 e4 38. a4 Bb6 39. b4 d4 40. a5 d3+ 41. Kd2 Bc7 42. Ne3 Bd6 43. Kc3 Ke6 44. Nc4 exf3 0-1

[Event "RB-2011-0-00133"]
[Site "LSS email"]
[Date "2011.09.20"]
[Round "?"]
[White "Skiba, Marcin"]
[Black "Lizorkina, Veronika"]
[Result "1-0"]
[WhiteElo "2185"]
[BlackElo "2032"]
[PlyCount "83"]
[EventDate "2011.08.23"]
[EventType "tourn (corr)"]
[EventRounds "6"]
[EventCountry "GER"]
[SourceTitle "Telechess CBM 157"]
[Source "ChessBase"]
[SourceDate "2013.11.12"]
[SourceVersion "1"]
[SourceVersionDate "2013.11.12"]
[SourceQuality "1"]

1. e4 c5 2. Nf3 d6 3. d4 cxd4 4. Nxd4 Nf6 5. Nc3 e6 6. g4 h6 7. h4 Nc6 8. Rg1 d5 9. exd5 Nxd5 10. Nxd5 Qxd5 11. Bg2 Qc4 12. Nxc6 bxc6 13. Qe2 Qxe2+ 14. Kxe2 Ba6+ 15. Ke1 Bb7 16. Be3 Be7 17. h5 0-0-0 18. Rd1 Rxd1+ 19. Kxd1 a5 20. b3 Rd8+ 21. Ke2 Kc7 22. Be4 f6 23. f4 Rh8 24. Bg6 a4 25. g5 hxg5 26. fxg5 Ba6+ 27. c4 fxg5 28. Bxg5 Bf6 29. Bxf6 gxf6 30. Rf1 axb3 31. axb3 f5 32. Ke3 Rb8 33. Kf4 Rxb3 34. Rc1 Rh3 35. Kg5 Rg3+ 36. Kf6 Rh3 37. Kg7 Rh4 38. h6 Bxc4 39. h7 Bd5 40. Kf6 Rh2 41. Rf1 Be4 42. Kg5 1-0

[Event "RB-2011-0-00131"]
[Site "LSS email"]
[Date "2011.09.10"]
[Round "?"]
[White "Jara, Julio Cesar"]
[Black "Skiba, Marcin"]
[Result "1/2-1/2"]
[WhiteElo "2030"]
[BlackElo "2189"]
[PlyCount "39"]
[EventDate "2011.08.13"]
[EventType "tourn (corr)"]
[EventRounds "6"]
[EventCountry "GER"]
[SourceTitle "Telechess CBM 149"]
[Source "ChessBase"]
[SourceDate "2012.07.17"]
[SourceVersion "1"]
[SourceVersionDate "2012.07.17"]
[SourceQuality "1"]

1. d4 Nf6 2. c4 c6 3. Nc3 d5 4. Nf3 e6 5. Bd2 Nbd7 6. e3 Bd6 7. Bd3 dxc4 8. Bxc4 0-0 9. 0-0 b6 10. e4 e5 11. Rc1 exd4 12. Nxd4 Ne5 13. Be2 Re8 14. Bg5 h6 15. Bf4 Bb7 16. Be3 Ng6 17. Nf5 Be5 18. Qb3 Qc7 19. Rfd1 Rad8 20. g3 1/2-1/2

[Event "RB-2011-0-00131"]
[Site "LSS email"]
[Date "2011.09.08"]
[Round "?"]
[White "Skiba, Marcin"]
[Black "Chiesa, Roberto"]
[Result "1/2-1/2"]
[WhiteElo "2189"]
[BlackElo "1996"]
[PlyCount "64"]
[EventDate "2011.08.13"]
[EventType "tourn (corr)"]
[EventRounds "6"]
[EventCountry "GER"]
[SourceTitle "Telechess CBM 149"]
[Source "ChessBase"]
[SourceDate "2012.07.17"]
[SourceVersion "1"]
[SourceVersionDate "2012.07.17"]
[SourceQuality "1"]

1. d4 d5 2. Bf4 c5 3. e3 Nf6 4. c3 Qb6 5. b3 cxd4 6. exd4 Bf5 7. Bd3 Bxd3 8. Qxd3 e6 9. Nf3 Nbd7 10. 0-0 Rc8 11. c4 Qa6 12. Rc1 Nh5 13. Be3 Bd6 14. Qd1 dxc4 15. Rxc4 0-0 16. Ra4 Qb6 17. Nbd2 a6 18. d5 Bc5 19. Nd4 Ndf6 20. dxe6 Nf4 21. Rc4 Rce8 22. Rac1 Bxd4 23. Rxd4 Nxe6 24. Nc4 Qb4 25. Qd2 Qxd2 26. Rxd2 Rc8 27. Bb6 g6 28. Re1 Rc6 29. f3 Kg7 30. Kf2 h5 31. h4 Rfc8 32. g3 Re8 1/2-1/2

[Event "RB-2011-0-00131"]
[Site "LSS email"]
[Date "2011.09.08"]
[Round "?"]
[White "Skiba, Marcin"]
[Black "Larwinski, Paul"]
[Result "1/2-1/2"]
[WhiteElo "2189"]
[BlackElo "2034"]
[PlyCount "60"]
[EventDate "2011.08.13"]
[EventType "tourn (corr)"]
[EventRounds "6"]
[EventCountry "GER"]
[SourceTitle "Telechess CBM 149"]
[Source "ChessBase"]
[SourceDate "2012.07.17"]
[SourceVersion "1"]
[SourceVersionDate "2012.07.17"]
[SourceQuality "1"]

1. d4 Nf6 2. Bf4 c5 3. dxc5 Na6 4. Qd4 Qa5+ 5. c3 Qxc5 6. e3 Qc6 7. Na3 Nc5 8. Nf3 Ne6 9. Qd2 Nxf4 10. exf4 e6 11. Nc2 Qc7 12. Ncd4 a6 13. Bd3 Bd6 14. g3 b6 15. Bf1 Bb7 16. Bg2 0-0 17. 0-0 Rac8 18. Qe2 Bc5 19. Nb3 Rfe8 20. Rfe1 Bf8 21. Ne5 Bxg2 22. Kxg2 d6 23. Ng4 Nxg4 24. Qxg4 g6 25. a3 Qc6+ 26. Qf3 Qxf3+ 27. Kxf3 d5 28. Kg2 Re7 29. Rad1 Rec7 30. Nd4 Bg7 1/2-1/2

[Event "RB-2011-0-00130"]
[Site "LSS email"]
[Date "2011.08.29"]
[Round "?"]
[White "Sherwood, Russell"]
[Black "Skiba, Marcin"]
[Result "0-1"]
[WhiteElo "1963"]
[BlackElo "2191"]
[PlyCount "68"]
[EventDate "2011.08.04"]
[EventType "tourn (corr)"]
[EventRounds "6"]
[EventCountry "GER"]
[SourceTitle "Telechess CBM 151"]
[Source "ChessBase"]
[SourceDate "2012.11.13"]
[SourceVersion "1"]
[SourceVersionDate "2012.11.13"]
[SourceQuality "1"]

1. e4 c5 2. Nf3 d6 3. d4 cxd4 4. Nxd4 Nf6 5. Nc3 a6 6. Bg5 e6 7. f4 Qb6 8. Qd2 Qxb2 9. Rb1 Qa3 10. f5 Nc6 11. fxe6 fxe6 12. Nxc6 bxc6 13. e5 dxe5 14. Bxf6 gxf6 15. Ne4 Be7 16. Be2 h5 17. Rf1 f5 18. Rb3 Qa4 19. Nd6+ Bxd6 20. Qxd6 Qa5+ 21. Kf2 Qd5 22. Rd1 Qxd6 23. Rxd6 Ke7 24. Rxc6 Bd7 25. Rxa6 e4 26. a3 Rxa6 27. Bxa6 Ra8 28. Rb6 f4 29. Bb5 Bxb5 30. Rxb5 Kf6 31. Rb3 Rd8 32. Ke2 e3 33. Rd3 Rc8 34. g3 Rxc2+ 0-1

[Event "RB-2011-0-00130"]
[Site "LSS email"]
[Date "2011.08.29"]
[Round "?"]
[White "Skiba, Marcin"]
[Black "Morcin, Tom"]
[Result "1-0"]
[WhiteElo "2191"]
[BlackElo "1950"]
[PlyCount "41"]
[EventDate "2011.08.04"]
[EventType "tourn (corr)"]
[EventRounds "6"]
[EventCountry "GER"]
[SourceTitle "Telechess CBM 151"]
[Source "ChessBase"]
[SourceDate "2012.11.13"]
[SourceVersion "1"]
[SourceVersionDate "2012.11.13"]
[SourceQuality "1"]

1. d4 Nf6 2. c4 e6 3. Nf3 d5 4. Bg5 Be7 5. Nc3 h6 6. Bh4 0-0 7. e3 b6 8. Be2 Bb7 9. Bxf6 Bxf6 10. cxd5 exd5 11. b4 c5 12. bxc5 bxc5 13. Rb1 Bc6 14. 0-0 Nd7 15. Bb5 Qc7 16. Qd3 Rfc8 17. Rfc1 Rab8 18. h3 c4 19. Qc2 Ba8 20. Qf5 Qd6 21. Qxd7 1-0

[Event "OP-2011-0-01723"]
[Site "LSS email"]
[Date "2011.08.16"]
[Round "?"]
[White "Skiba, Marcin"]
[Black "Tutov, Nikolay"]
[Result "1-0"]
[WhiteElo "2185"]
[BlackElo "1436"]
[PlyCount "87"]
[EventDate "2011.08.13"]
[EventType "tourn (corr)"]
[EventRounds "4"]
[EventCountry "GER"]
[SourceTitle "Telechess CBM 157"]
[Source "ChessBase"]
[SourceDate "2013.11.12"]
[SourceVersion "1"]
[SourceVersionDate "2013.11.12"]
[SourceQuality "1"]

1. d4 d6 2. e4 e5 3. Nf3 exd4 4. Nxd4 c5 5. Bb5+ Bd7 6. Bxd7+ Qxd7 7. Nf5 g6 8. Ne3 Nc6 9. 0-0 Bg7 10. Nc3 0-0-0 11. Ned5 Nf6 12. Bg5 Nxd5 13. Nxd5 Rdf8 14. Qd2 f5 15. exf5 Bxb2 16. Rae1 Be5 17. fxg6 hxg6 18. h4 Qg4 19. f4 Bd4+ 20. Ne3 Qd7 21. c3 Bxe3+ 22. Rxe3 Re8 23. Rxe8+ Rxe8 24. Qd3 Rg8 25. f5 Ne5 26. Qe4 Kc7 27. fxg6 Rxg6 28. Rf8 Kb6 29. Rf6 Rxf6 30. Bxf6 Ng4 31. Bg5 d5 32. Qg6+ Kb5 33. h5 d4 34. Qd3+ Kc6 35. Qe4+ Kb5 36. cxd4 Qxd4+ 37. Qxd4 cxd4 38. h6 Ne5 39. h7 Ng6 40. Bf6 Kc4 41. h8Q Nxh8 42. Bxh8 d3 43. Kf1 Kd5 44. g4 1-0

[Event "OP-2011-0-01723"]
[Site "LSS email"]
[Date "2011.08.16"]
[Round "?"]
[White "Venturas, Bob"]
[Black "Skiba, Marcin"]
[Result "0-1"]
[WhiteElo "758"]
[BlackElo "2185"]
[PlyCount "36"]
[EventDate "2011.08.13"]
[EventType "tourn (corr)"]
[EventRounds "4"]
[EventCountry "GER"]
[SourceTitle "Telechess CBM 157"]
[Source "ChessBase"]
[SourceDate "2013.11.12"]
[SourceVersion "1"]
[SourceVersionDate "2013.11.12"]
[SourceQuality "1"]

1. e4 c5 2. Bc4 Nc6 3. Nc3 Nf6 4. d3 e6 5. Nf3 d5 6. exd5 exd5 7. Qe2+ Be7 8. Bb5 0-0 9. 0-0 Nd4 10. Nxd4 cxd4 11. Nd1 Bd6 12. h3 Qa5 13. a4 a6 14. Bd2 Qb6 15. Bxa6 Re8 16. Qf3 Rxa6 17. Bg5 Nd7 18. Qxd5 Ra5 0-1